Israel and South Africa : the many faces of Apartheid /

Bibliographic Details
Other Authors: Pappé, Ilan (Editor)
Format: Book
Language:English
Published: London : Zed Books, 2015.
Subjects:

MARC

Tag First Indicator Second Indicator Subfields
LEADER 00000cam a2200000 i 4500
001 in00003596607
005 20170928104753.0
008 150323s2015 enkb f b 001 0 eng d
020 |a 1783605898 
020 |a 9781783605897 
035 |a (OCoLC)ocn927414403 
040 |a JCU  |e rda  |c JCU  |d YDX  |d BDX  |d BWK  |d UtOrBLW 
049 |a TXAM 
090 |a DS119.76  |b .I78 2015 
245 0 0 |a Israel and South Africa :  |b the many faces of Apartheid /  |c edited by Ilan Pappé. 
264 1 |a London :  |b Zed Books,  |c 2015. 
300 |a ix, 374 pages :  |c 22 cm. 
336 |a text  |b txt  |2 rdacontent 
337 |a unmediated  |b n  |2 rdamedia 
338 |a volume  |b nc  |2 rdacarrier 
504 |a Includes bibliographical references and index. 
650 0 |a Apartheid  |z Israel. 
650 0 |a Apartheid  |z South Africa.  |0 http://id.loc.gov/authorities/subjects/sh85005907 
650 0 |a Arab-Israeli conflict.  |0 http://id.loc.gov/authorities/subjects/sh87002535 
651 0 |a Israel  |x Politics and government.  |0 http://id.loc.gov/authorities/subjects/sh85068700 
651 0 |a South Africa  |x Politics and government.  |0 http://id.loc.gov/authorities/subjects/sh85125486 
700 1 |a Pappé, Ilan,  |e editor.  |0 http://id.loc.gov/authorities/names/n87865020 
945 |a PromptCat  |b 386866 
946 |a stk 
947 |a A14842928872 
948 |a cataloged  |b h  |c 2015/11/16  |d c  |e dmitchel  |f 10:20:30 am 
994 |a C0  |b TXA 
999 f f |s 146ac99d-4046-3044-bf8c-3e6304981159  |i d204efc0-dde8-3464-b887-13b123f7c642  |t 0 
952 f f |p normal  |a Texas A&M University  |b College Station  |c Sterling C. Evans Library  |d Evans: Library Stacks  |t 0  |e DS119.76 .I78 2015  |h Library of Congress classification  |i unmediated -- volume  |m A14842928872 
998 f f |a DS119.76 .I78 2015  |t 0  |l Evans: Library Stacks